Earl Cadogan and another v Chehab (Record no. 82255)
[ view plain ]
| 000 -LEADER | |
|---|---|
| fixed length control field | 01149cab a22002055a 4500 |
| 001 - CONTROL NUMBER | |
| control field | L149688 |
| 008 - FIXED-LENGTH DATA ELEMENTS--GENERAL INFORMATION | |
| fixed length control field | 100408e2010 xxk 000 0 eng d |
| 035 ## - SYSTEM CONTROL NUMBER | |
| System control number | (Sirsi) u149688 |
| 041 0# - LANGUAGE CODE | |
| Language code of text/sound track or separate title | eng |
| 245 00 - TITLE STATEMENT | |
| Title | Earl Cadogan and another v Chehab |
| 260 ## - PUBLICATION, DISTRIBUTION, ETC. | |
| Date of publication, distribution, etc. | 2010 |
| 490 ## - SERIES STATEMENT | |
| Series statement | Estates Gazette |
| Volume/sequential designation | (2010) 27 March 2010, 98-100(3) |
| 520 ## - SUMMARY, ETC. | |
| Summary, etc. | [2009] EWHC 3297 (Admin), 26 November 2009. Appeal by appellant landlords (E) from a decision of a rent assessment committee determing an application under Housing Act 1988 s14 for an assessment of rent payable by tenant (C). Rent assessment committee had taken into account supplemental submission from C without being copied to E leading to a breach of natural justice. The rent assessment committee had omitted to take into account the value of security of tenure and had failed to disregard the statutory limit of £25 000 for assured tenancies. Decision quashed, appeal allowed. |
| 590 ## - LOCAL NOTE (RLIN) | |
| Local note | KA |
| 650 24 - SUBJECT ADDED ENTRY--TOPICAL TERM | |
| Topical term or geographic name entry element | EARL CADOGAN AND ANOTHER V CHEHAB |
| 650 24 - SUBJECT ADDED ENTRY--TOPICAL TERM | |
| Topical term or geographic name entry element | HOUSING ACT 1988 |
| 651 #4 - SUBJECT ADDED ENTRY--GEOGRAPHIC NAME | |
| Geographic name | ENGLAND AND WALES |
| 690 ## - LOCAL SUBJECT ADDED ENTRY--TOPICAL TERM (OCLC, RLIN) | |
| Topical term or geographic name as entry element | PROPERTY-RESIDENTIAL PROPERTY-RESIDENTIAL LANDLORD AND TENANT |
| 942 ## - ADDED ENTRY ELEMENTS (KOHA) | |
| Suppress in OPAC | 0 |
| Withdrawn status | Lost status | Source of classification or shelving scheme | Damaged status | Not for loan | Home library | Current library | Shelving location | Date acquired | Total Checkouts | Full call number | Barcode | Date last seen | Copy number | Price effective from | Koha item type |
|---|---|---|---|---|---|---|---|---|---|---|---|---|---|---|---|
| Dewey Decimal Classification | London | London | Journal article | 08/04/2010 | L149688 | 149688-1001 | 06/08/2019 | 1 | 06/08/2019 | Law report |